Score 0/8 Timer 01:00
5 Plays Today
% Correct
Xylophone
93.3%
Telephone
92.9%
Megaphone
92.9%
Persephone
91.9%
Anglophone
91.8%
Headphone
91.6%
Saxophone
91.4%
Homophone
90.5%

Today's Daily Dose

Remove Ads.
Support Sporcle.
Get the best of Sporcle when you Go Orange. This ad-free experience offers more features, more stats, and more fun while also helping to support Sporcle. Thank you for becoming a member.

You're not logged in!

Compare scores with friends on all Sporcle quizzes.
OR
Log In

Show Comments

Extras

Top Quizzes Today


Score Distribution

Your Account Isn't Verified!

In order to create a playlist on Sporcle, you need to verify the email address you used during registration. Go to your Sporcle Settings to finish the process.

Report this User

Report this user for behavior that violates our Community Guidelines.

Details: